| 000 | 00356nam a2200133Ia 4500 | ||
|---|---|---|---|
| 008 | 191201s2001 xx 000 0 und d | ||
| 082 |
_a006.62 _bBOH |
||
| 100 | _aBOSE, Sanjay | ||
| 245 | 0 | _aHardware and Software of Personal Computers | |
| 260 |
_aN.Delhi _bNew Age International (P) ltd _c2001 |
||
| 300 | _a259 | ||
| 650 | _aB.Tech(CSE) | ||
| 942 |
_2ddc _cBK |
||
| 999 |
_c1008 _d1008 |
||